Big Bang Theory Character Surnames - Statistics

General Stats
  • This quiz has been taken 2,192 times
    2,190 since last reset
  • The average score is 8 of 14
Answer Stats
Hint Answer % Correct
Sheldon Cooper
99%
Amy Farrah Fowler
87%
Leslie Winkle
83%
Howard Wolowitz
82%
Wil Wheaton
80%
Leonard Hofstadter
74%
Barry Kripke
69%
Joyce Kim
50%
Bernadette Rostenkowski
49%
Rajesh Koothrappali
46%
Stuart Bloom
39%
Zack Johnson
29%
Stephanie Barnett
23%
Eric Gablehauser
14%
No matching quizzes found
Score Distribution
Percent of People with Each Score
Percentile by Number Answered
Your Score History
You have not taken this quiz since the last reset